| 000 | 00925nam a22002531 4500 | ||
|---|---|---|---|
| 001 | 32384 | ||
| 003 | BD-RjUL | ||
| 005 | 20211209051828.0 | ||
| 008 | 140426s1961 enk 000 0 eng d | ||
| 035 | _a(BD-RjUL)32473 | ||
| 035 | _a(OCoLC)543174 | ||
| 040 |
_aDLC _cOAU _dOCoLC _dDLC _dBD-RjUL _beng |
||
| 041 | _aeng | ||
| 082 | 0 | 4 |
_a297.38 _bKAS 1961 |
| 100 | 1 |
_aKamal, Ahmad, _d1914- _998526 |
|
| 245 | 1 | 4 |
_aThe sacred journey : _bbeing pilgrimage to Makkah; the traditions, dogma and Islamic ritual that govern the lives and the destiny of more than five hundred million who call themselves Muslim: one seventh of mankind. _cAhmad Kamal. |
| 260 |
_aLondon : _bGeorge Allen & Unwin Ltd., _c1961. |
||
| 300 |
_axx, 108, 115, 9 p. ; _c22 cm. |
||
| 650 | 0 |
_aPilgrims and pilgrimages _zSaudi Arabia _zMecca. _998527 |
|
| 740 | 0 | _aal-Riḥlah al-muqaddasah. | |
| 942 |
_2ddc _cBK |
||
| 999 |
_c32384 _d32384 |
||